1220 1615 1893 1400 1845 1444 1255 1150 1462 1329 1394 1163 1935 1816 1464 1992 1919 1371 1316 1908 1649 1000 1684 1693 1294 1684 1731 1114 1215 1629 1182 1362 1226 1913 1505 1702 1170 1056 1852 1000 1773 1835 1530 1168 1880 1424 1417 1162 1520 1184 1895 1178 1589 1920 1985 1587 1603 1260 1370 1878 1226 1311 1088 1286 1549 1632 1357 1508 1045 1386 1347 1787 1394 1082 1476 1013 1263 1345 1799 1959 1101 1792 1401 1404 1728 1476 1764 1024 1310 1922 1068 1490 1260 1682 1466 1407 1231 1026 1499 BCNSPRNW ULIB Ver.6.0+V

เปลี่ยนเป็นภาษาไทย

Change to English
 แสดงรายละเอียดบรรณานุกรม
  กลับหน้าหลัก

Brief Record : Get Marc (ISO 2709) : E-mail record : QR code < ปิดหน้าต่าง
LEADER : 00000nam 2200000uu 4500
001    13399121133
003     ULIB
008    020711s2547 th a 000 0 tha d
050  4 LB^bท328ร
100    ทองอินทร์ วงศ์โส
245    ระบบและกลไกการประกันคุณภาพอุดมศึกษาในสหราชอาณาจักร/^cทองอินทร์ วงศ์โสธร,พรชัย มงคลวนิชและส.วาสนา ประวาลพฤกษ์
250    พิมพ์ครั้งที่ 1
260     ^bม.ป.ท.,^c2547
300    33 หน้า
945    ^p0^l0^i12617
945    ^p0^l0^i12618
999    ^aทศพร เกษรทอง
รายการนี้ยังไม่มีแท็ก
คุณยังไม่ได้ล็อกอิน คุณสามารถมีกิจกรรมร่วมกับเว็บไซต์ได้ แต่ต้องล็อกอินก่อน ::
  ล็อกอิน

รายการสื่อสารสนเทศ

ลำดับที่ ประเภท เลขเรียก/บาร์โค้ด สถานที่ สถานะ
1. วิทยาศาสตร์การแพทย์ และสุขภาพ
วิทยาศาสตร์การแพทย์ และสุขภาพ
LB ท328ร  
  Barcode: 12617
ห้องสมุดวิทยาเขตสวรรค์ประชารักษ์
►หนังสือทั่วไป
บนชั้น
2. วิทยาศาสตร์การแพทย์ และสุขภาพ
วิทยาศาสตร์การแพทย์ และสุขภาพ
LB ท328ร ฉ.2 
  Barcode: 12618
ห้องสมุดวิทยาเขตสวรรค์ประชารักษ์
►หนังสือทั่วไป
บนชั้น

BibComment


ยังไม่เคยถูกคอมเมนท์

คอมเมนท์ทรัพยากรรายการนี้
  คอมเมนท์: ระบบและกลไกการประ..


 Copyright 2026. Bcnsprnw @Library